Crossroads / (Record no. 591951)
[ view plain ]
| 000 -LEADER | |
|---|---|
| fixed length control field | 01263cam a2200349 i 4500 |
| 001 - CONTROL NUMBER | |
| control field | 22016975 |
| 003 - CONTROL NUMBER IDENTIFIER | |
| control field | NUST |
| 005 - DATE AND TIME OF LATEST TRANSACTION | |
| control field | 20221019143355.0 |
| 008 - FIXED-LENGTH DATA ELEMENTS--GENERAL INFORMATION | |
| fixed length control field | 210430s2021 nyu 000 1 eng |
| 010 ## - LIBRARY OF CONGRESS CONTROL NUMBER | |
| LC control number | 2021019919 |
| 020 ## - INTERNATIONAL STANDARD BOOK NUMBER | |
| International Standard Book Number | 9780374181178 |
| Qualifying information | (hardcover) |
| 038 ## - RECORD CONTENT LICENSOR | |
| Staff Name | Azhar |
| 040 ## - CATALOGING SOURCE | |
| Original cataloging agency | DLC |
| Language of cataloging | eng |
| Description conventions | rda |
| Transcribing agency | DLC |
| Modifying agency | DLC |
| 042 ## - AUTHENTICATION CODE | |
| Authentication code | pcc |
| 050 00 - LIBRARY OF CONGRESS CALL NUMBER | |
| Classification number | PS3556.R352 |
| Item number | C76 2021 |
| 082 00 - DEWEY DECIMAL CLASSIFICATION NUMBER | |
| Classification number | 813.54 |
| Edition number | 23 |
| Author Mark | FRA |
| 100 1# - MAIN ENTRY--PERSONAL NAME | |
| Personal name | Franzen, Jonathan, |
| Relator term | author. |
| 9 (RLIN) | 27009 |
| 245 10 - TITLE STATEMENT | |
| Title | Crossroads / |
| Statement of responsibility, etc. | Jonathan Franzen. |
| 250 ## - EDITION STATEMENT | |
| Edition statement | First edition. |
| 260 ## - PUBLICATION, DISTRIBUTION, ETC. | |
| Place of publication, distribution, etc. | New York |
| Name of publisher, distributor, etc. | Farrar, Straus and Giroux, |
| Date of publication, distribution, etc. | 2021. |
| 264 #1 - PRODUCTION, PUBLICATION, DISTRIBUTION, MANUFACTURE, AND COPYRIGHT NOTICE | |
| Place of production, publication, distribution, manufacture | : |
| 300 ## - PHYSICAL DESCRIPTION | |
| Extent | 580 pages ; |
| Dimensions | 24 cm |
| 336 ## - CONTENT TYPE | |
| Content type term | text |
| Content type code | txt |
| Source | rdacontent |
| 337 ## - MEDIA TYPE | |
| Media type term | unmediated |
| Media type code | n |
| Source | rdamedia |
| 338 ## - CARRIER TYPE | |
| Carrier type term | volume |
| Carrier type code | nc |
| Source | rdacarrier |
| 520 ## - SUMMARY, ETC. | |
| Summary, etc. | "Crossroads is the first novel in Jonathan Franzen's A Key to All Mythologies. The trilogy tells the story of a Midwestern family across three generations, mirroring the preoccupations and dilemmas of the United States from the Vietnam War to the 2020s"-- |
| Assigning source | Provided by publisher. |
| 563 ## - BINDING INFORMATION | |
| Binding note | HB |
| 655 #7 - INDEX TERM--GENRE/FORM | |
| Genre/form data or focus term | Novels. |
| Source of term | lcgft |
| 9 (RLIN) | 96108 |
| 906 ## - LOCAL DATA ELEMENT F, LDF (RLIN) | |
| a | 7 |
| b | cbc |
| c | orignew |
| d | 1 |
| e | ecip |
| f | 20 |
| g | y-gencatlg |
| 942 ## - ADDED ENTRY ELEMENTS (KOHA) | |
| Source of classification or shelving scheme | |
| Koha item type | Lincoln Corner |
| Withdrawn status | Lost status | Source of classification or shelving scheme | Damaged status | Not for loan | Permanent Location | Current Location | Shelving location | Date acquired | Full call number | Barcode | Date last seen | Price effective from | Koha item type |
|---|---|---|---|---|---|---|---|---|---|---|---|---|---|
| Central Library (CL) | Central Library (CL) | Lincoln Corner | 10/19/2022 | 813.54 FRA | LC-422 | 10/19/2022 | 10/19/2022 | Reference |
